Statistiques concernant Films Américains de A à Z - 1

Cliquez ici pour prendre le quiz!

Statistiques générales

  • Ce quiz a été pris 234 fois
  • Le résultat moyen est 9 sur 26

Statistiques - réponses

LettreIndiceRéponse% Correct
KQuatrième film de Quentin TarantinoKill Bill
62%
SFilm parodiant des films d'horreurs comme "Scream" et "souviens toi l'été dernier"Scary Movie
62%
ATom Hanks cherche à capturer Leonardo Di CaprioArrête-moi si tu peux
61%
JNew York est désert. Il ne reste qu'un homme et son chienJe suis une légende
59%
XJennifer Lawrence y joue "Mystique"X-Men
59%
YJim Carrey ne peut plus dire nonYes Man
59%
CAdapté d'un livre par Tim BurtonCharlie et la chocolaterie
57%
RDes jamaïquains apprenant à faire du bobsleigh pour participer aux JORasta Rockett
54%
HUn homme trouve du réconfort grâce à une IA qui lui parle sur au travers d'une oreilletteHer
35%
ERéalisé par Michel Gondry avec Kate Winslet et Jim CarreyEternal Sunshine of the Spotless Mind
34%
OBiopic sortit en 2023Oppenheimer
34%
MDans le futur, une technologie permet d'anticiper les futurs crimesMinority Report
33%
GContient une scène iconique ou le personnage principal passe sa main sur des épis de blés en marchant à travers un champsGladiator
28%
BBiopic avec Ana De armasBlonde
26%
IBrad Pitt se fait passer pour un "Enzo Gorlomi"Inglourious Basterds
26%
DFilm réalisé par Olivia Wilde avec Harry StylesDon't Worry Darling
23%
FDans un jeu-vidéo un homme se rend compte qu'il n'est qu'un PNJFree guy
23%
PFilm basé sur la tentative de communication avec des extraterrestres réalisé par Denis VilleneuvePremier Contact
23%
NFilm noir avec Tommy Lee Jones, Javier Bardem, Josh Brolin et Woody HarrelsonNo Country for Old Men
20%
TFilm ayant lancé la carrière de James CameronTerminator
18%
QSeul film dans lequel on peut voir apparaitre Mickey Mouse et Bugs BunnyQui veut la peau de Roger Rabbit
14%
VNanar avec des vampires et Hugh JackmanVan Helsing
14%
WAdapté d'un comics noir (2009)Watchmen
13%
LDanny Madigan obtient un ticket magique lui faisant se téléporter dans un film projeté au cinémaLast Action Hero
11%
UFilm d'horreur se passant intégralement au travers d'un écran d'ordinateurUnfriended
8%
ZJumanji mais dans l'espaceZathura
6%

Distribution des résultats

Percentile par nombre de réponses

% des personnes avec chaque résultat

Votre développement - résultats

Vous n’avez pas pris ce quiz